Determining Profession and ups & Douns in Career/ (Record no. 208235)

MARC details
000 -LEADER
fixed length control field 00536nam a2200181 4500
005 - DATE AND TIME OF LATEST TRANSACTION
control field 20250108165801.0
010 ## - LCCN (DPL NO)
LC control number ENG-143232
020 ## - INTERNATIONAL STANDARD BOOK NUMBER
Terms of availability 120.00
035 ## - SYSTEM CONTROL NUMBER
System control number EN-126764
037 ## - SOURCE OF ACQUISITION
Source of stock number/acquisition DBAD
082 ## - DEWEY DECIMAL CLASSIFICATION NUMBER
Classification number 133.5
100 ## - MAIN ENTRY--PERSONAL NAME
Personal name Chugh, Sumeet
245 ## - TITLE STATEMENT
Title Determining Profession and ups & Douns in Career/
Statement of responsibility, etc by Sumeet Chugh
260 ## - PUBLICATION, DISTRIBUTION, ETC. (IMPRINT)
Place of publication, distribution, etc New Delhi
Name of publisher, distributor, etc Sagar Publications
Date of publication, distribution, etc 2022
270 ## - ADDRESS
Address 72, Janpath, Ved Mension
City New Delhi
Postal code 110001
Telephone number 3320648
300 ## - PHYSICAL DESCRIPTION
Extent 189p.
Dimensions 21cm(pb)
942 ## - ADDED ENTRY ELEMENTS (KOHA)
Source of classification or shelving scheme Dewey Decimal Classification
Item type English Books
Classification part 133.5
Call number suffix CHU
Holdings
Withdrawn status Lost status Not for loan Collection code Home library Current library Date acquired Source of acquisition Cost, normal purchase price Full call number Barcode Copy number Cost, replacement price Koha item type
      Non-fiction Kadipur Kadipur 08/01/2025 Delivery of Books Division 120.00 133.5 CHU EN-126764 1 120.00 English Books

© Delhi Public Library
Hit Counter
free hit counter